000
00344 a2200157 4500
001
194619
020
_a
978-85-08-11879-3
040
_c
Magnum
100
_a
Orthof, Sylvia
240
1
0
_a
Maria-vai-com-as-outras
_l
por
245
1
0
_a
Maria-vai-com-as-outras
300
_a
32
362
0
_a
2008
697
_a
LITERATURA INFANTIL
942
_c
BK
999
_c
194619
_d
194619